[Event "Individual Zaragoza Primera 2015"]
[Site ""]
[Date "2015.11.15"]
[Round "7.36"]
[White "Liarte Marinoso Aaron"]
[Black "Miranda Herrera Jorge Manuel"]
[Result "0-1"]
[WhiteElo "1656"]
[BlackElo "1574"]

1.d4 d5 2.c4 c6 3.e3 Nf6 4.Nc3 g6 5.b4 a6 6.Nf3 Bg7 7.Be2 Bf5 8.h3 h5 9.Bb2
Ne4 10.Nxe4 Bxe4 11.Rc1 Nd7 12.c5 O-O 13.O-O e5 14.Bc3 Bxf3 15.Bxf3 e4 16.Be2
f5 17.f4 Nf6 18.Kh1 Kf7 19.Rg1 Rh8 20.Be1 Ne8 21.g3 Bf6 22.Rg2 Ng7 23.Kg1 Qe7
24.a4 Ne6 25.b5 axb5 26.axb5 Ra3 27.Rc3 Rha8 28.Rxa3 Rxa3 29.Qc1 Rb3 30.b6
Nxd4 31.exd4 Bxd4+ 32.Bf2 e3 33.Be1 Qxc5 34.Qxc5 Bxc5 35.g4 hxg4 36.hxg4 Rb1
37.Kf1 Bb4 0-1

[Event "Individual Zaragoza Primera 2015"]
[Site ""]
[Date "2015.11.15"]
[Round "7.37"]
[White "Pérez Bella José Maria"]
[Black "Garcia Estruch Mauricio"]
[Result "1-0"]
[WhiteElo "1604"]
[BlackElo "1275"]

1.Nc3 d5 2.e4 d4 3.Nce2 e5 4.Ng3 Nc6 5.Bc4 Nf6 6.Nf3 Be7 7.O-O O-O 8.d3 Bg4 9.
h3 Bc8 10.c3 Bd6 11.Re1 Na5 12.cxd4 Nxc4 13.dxc4 Bb4 14.Bd2 Bxd2 15.Qxd2 Re8
16.Rad1 Be6 17.b3 exd4 18.Nxd4 Qd7 19.e5 Nd5 20.Nxe6 Qxe6 21.Qxd5 Qb6 22.Ne4
c6 23.Qc5 Qc7 24.Rd6 Rad8 25.Red1 b6 26.Qd4 Rxd6 27.exd6 Qd7 28.c5 b5 29.Kf1
Rd8 30.Qe5 Re8 31.Qf4 h6 32.f3 Re6 33.Qg4 Kf8 34.Ng3 g6 35.Qf4 Kg7 36.Qd4+ Kf8
1-0

[Event "Individual Zaragoza Primera 2015"]
[Site ""]
[Date "2015.11.15"]
[Round "7.38"]
[White "Sanz Navarro Alberto"]
[Black "Jardiel Dobato David"]
[Result "0-1"]
[WhiteElo "1600"]
[BlackElo "1724"]

1.e4 g6 2.d4 d6 3.f4 Bg7 4.Nf3 Nf6 5.Nc3 O-O 6.Be2 Nbd7 7.O-O c5 8.d5 a6 9.e5
Ne8 10.Ne4 dxe5 11.fxe5 Nxe5 12.Nxe5 Bxe5 13.c4 Bd4+ 14.Kh1 Nd6 15.Nxd6 exd6
16.Rb1 Be5 17.Bh6 Qh4 18.g3 Bxg3 19.Rf2 Qxh6 20.Rg2 Be5 21.Qd3 Bf5 22.Qxf5
Qxh2+ 23.Rxh2 gxf5 24.Rg2+ Kh8 25.Rf1 f4 26.Bd3 Rg8 27.Rh2 Rg7 28.Rg1 Rag8 29.
Rxg7 Rxg7 30.Rg2 Rxg2 31.Kxg2 Bxb2 32.a4 a5 33.Kf3 Be5 34.Kg4 Kg7 35.Kf5 f3
36.Kg4 f2 37.Kh5 Bd4 38.Kg5 Be3+ 39.Kf5 h6 40.Kg4 Kf6 41.Kf3 Bd4 42.Bf1 Kg5
43.Kg3 f5 44.Kf3 h5 45.Kg2 Kf4 46.Kh3 Bf6 47.Kg2 Ke3 48.Kg3 Bg5 49.Kg2 f4 50.
Kh3 Kf3 51.Kh2 Bh4 52.Kh3 Bg3 53.Bg2+ Ke2 54.Bf1+ Ke1 55.Kg2 h4 56.Kh1 Kd2 57.
Kg2 Kc3 58.Kf3 Kb4 59.Ke4 Kxa4 60.Kf5 Kb4 61.Ke6 f3 62.Kf5 a4 63.Kg4 a3 64.
Kxf3 a2 0-1

[Event "Individual Zaragoza Primera 2015"]
[Site ""]
[Date "2015.11.15"]
[Round "7.39"]
[White "Reguera Campillo Moises"]
[Black "Arbiol Val Sergio"]
[Result "0-1"]
[WhiteElo "1593"]
[BlackElo "1638"]

1.e4 e5 2.Nf3 Nc6 3.Bb5 a6 4.Bxc6 dxc6 5.O-O Bg4 6.h3 h5 7.d3 Qf6 8.Nbd2 O-O-O
9.Nc4 Bd6 10.Bg5 Bxf3 11.Bxf6 Bxd1 12.Bxd8 Bxc2 13.Nxd6+ cxd6 14.Bb6 Bxd3 15.
Rfd1 Bxe4 16.Rxd6 Nf6 17.Re1 Bd5 18.Rxe5 Nd7 19.Rxd7 Kxd7 20.Bc5 Re8 21.Rxe8
Kxe8 22.a3 Kd7 23.h4 Ke6 24.Bd4 g6 25.g3 Bf3 26.Kf1 Kd5 27.Bf6 Ke4 28.Ke1 Kd3
29.Be5 Kc2 30.Bf6 a5 31.Bc3 a4 32.Bf6 b6 33.Bd4 b5 34.Bc3 c5 35.Bf6 b4 36.axb4
cxb4 37.Be7 Kxb2 38.Bxb4 a3 39.Kd2 a2 40.Bc3+ Kb1 41.Ke3 Bg4 42.Kf4 a1=Q 43.
Bxa1 Kxa1 44.f3 Be6 45.g4 hxg4 46.fxg4 f6 47.h5 g5+ 48.Ke4 Bxg4 49.h6 Bd1 50.
Kf5 Bc2+ 51.Kxf6 g4 52.Kg7 g3 53.Kh8 g2 54.h7 Bxh7 0-1

[Event "Individual Zaragoza Primera 2015"]
[Site ""]
[Date "2015.11.15"]
[Round "7.40"]
[White "Valladolid Martin Luis"]
[Black "Requena Briones Rafael Marian"]
[Result "0-1"]
[WhiteElo "1593"]
[BlackElo "1615"]

1.e4 c5 2.Nf3 d6 3.d4 cxd4 4.Nxd4 Nf6 5.Nc3 g6 6.Bg5 Bg7 7.Bb5+ Nbd7 8.O-O O-O
9.Nd5 Nxd5 10.exd5 Nf6 11.c4 a6 12.Ba4 Ne4 13.Be3 Nc5 14.Bc2 Nd7 15.Rb1 Nf6
16.Qd2 Ng4 17.h3 Nxe3 18.fxe3 Bd7 19.Rf3 Rc8 20.b3 Rc5 21.Bd3 e5 22.dxe6 fxe6
23.Rxf8+ Qxf8 24.Rf1 Qe7 25.b4 Rc8 26.Be4 Rxc4 27.Bxb7 Bxd4 28.exd4 Bb5 29.Be4
d5 30.Bd3 Rxd4 31.Rf3 Rxb4 32.Bxb5 Rxb5 33.a4 Rb1+ 34.Kf2 Qc5+ 35.Kg3 Rb4 36.
Qd1 Qd6+ 37.Kf2 Qc6 38.Ra3 Qc5+ 39.Kf1 Rb2 40.Rf3 Qc2 41.Qxc2 Rxc2 42.Rb3 Kf7
43.Rb7+ Kf6 44.Rxh7 Ra2 45.Rh4 e5 46.Rb4 Kf5 47.g3 d4 48.Ke1 Ke4 49.Kf1 Ke3
50.Rb3+ d3 51.h4 e4 52.g4 Kf3 0-1

[Event "Individual Zaragoza Primera 2015"]
[Site ""]
[Date "2015.11.15"]
[Round "7.41"]
[White "Roldán Pérez Juan José"]
[Black "Maisterra Merino Aaron"]
[Result "1/2-1/2"]
[WhiteElo "1573"]
[BlackElo "1449"]

1.e4 c5 2.Nc3 d6 3.f4 g6 4.Bb5+ Bd7 5.Bxd7+ Nxd7 6.Nf3 Bg7 7.O-O Ngf6 8.d3 O-O
9.Qe1 e6 10.Qh4 a6 11.f5 Rc8 12.Bg5 b5 13.Rae1 h5 14.fxg6 fxg6 15.e5 dxe5 16.
Nxe5 Nxe5 17.Rxe5 Qd4+ 18.Qxd4 cxd4 19.Ne4 Nxe4 20.Rxf8+ Kxf8 21.Rxe4 e5 22.
Re2 Kf7 23.Kf1 Ke6 24.Rf2 b4 25.Ke1 a5 26.Kd1 Re8 27.Bd2 Rc8 28.a3 bxa3 29.
bxa3 a4 30.Bb4 Bh6 31.g3 Bg7 32.Kc1 Bf6 33.Kb2 Be7 34.Bxe7 Kxe7 1/2-1/2

[Event "Individual Zaragoza Primera 2015"]
[Site ""]
[Date "2015.11.15"]
[Round "7.42"]
[White "Sanchez Pérez Carlos"]
[Black "De Pablo Raga Tomás"]
[Result "1-0"]
[WhiteElo "1534"]
[BlackElo "1567"]

1.d4 Nf6 2.c4 g6 3.Nc3 Bg7 4.e4 d6 5.Nf3 Bg4 6.Be2 O-O 7.Qc2 Nc6 8.Be3 Rc8 9.
O-O a6 10.d5 Ne5 11.Nxe5 dxe5 12.f3 Bd7 13.b4 c6 14.Rfd1 cxd5 15.exd5 Qc7 16.
Ne4 Qb8 17.a4 Nxe4 18.fxe4 b5 19.axb5 axb5 20.c5 f5 21.Bd3 fxe4 22.Bxe4 Bf5
23.Rf1 Bxe4 24.Rxf8+ Rxf8 25.Qxe4 Qc8 26.Ra5 Rf5 27.d6 Qf8 28.h3 Qf6 29.Ra8+
Bf8 30.d7 Rf1+ 31.Kh2 Rd1 32.d8=Q Rxd8 33.Rxd8 e6 34.Qa8 1-0

[Event "Individual Zaragoza Primera 2015"]
[Site ""]
[Date "2015.11.22"]
[Round "8.1"]
[White "Carruez Gracia Eduardo"]
[Black "Sanchez Vallés José Maria"]
[Result "1-0"]
[WhiteElo "1706"]
[BlackElo "1782"]

1.b3 d5 2.Bb2 c5 3.e3 Nc6 4.Bb5 a6 5.Bxc6+ bxc6 6.f4 e6 7.Nf3 Nf6 8.O-O Be7 9.
Ne5 Bb7 10.Qe1 Nh5 11.Qe2 Nf6 12.d3 O-O 13.Nd2 Nd7 14.Qg4 f5 15.Qg3 Nxe5 16.
Bxe5 Bf6 17.Nf3 Bxe5 18.Nxe5 Qc7 19.Nf3 a5 20.Ng5 Rf6 21.Nf3 Rd8 22.Ne5 d4 23.
Rfe1 Rff8 24.e4 Rde8 25.Nc4 Ba6 26.Ne5 Bb7 27.Re2 Re7 28.Rae1 Rfe8 29.Qg5 Bc8
30.Nf3 Rf8 31.Nh4 Ref7 32.exf5 exf5 33.Nf3 Qd8 34.Qxd8 Rxd8 35.Re8+ Rf8 36.
R8e7 Rf7 37.Rxf7 Kxf7 38.Ne5+ Kf8 39.Nc4 a4 40.Re5 axb3 41.axb3 Rd5 42.Kf2 Ba6
43.Rxd5 cxd5 44.Nb6 Ke7 45.Nxd5+ Kd6 46.Nb6 Kc6 47.Na4 Kb5 48.Ke2 Kb4 49.Kd2
Bb7 50.g3 Bd5 51.Nb6 Be6 52.Na8 Bf7 53.Nb6 Be6 54.Nc4 g6 55.Ne5 Ka3 56.Nc6 Bd5
57.Ne5 Kb4 58.Nd7 Bf7 59.Nf6 h6 60.Nd7 Be8 61.Ne5 g5 62.h4 g4 63.Nc4 Bf7 64.
Nd6 Be6 65.Ne8 Bf7 66.Ng7 Bg6 67.h5 Bh7 68.Kd1 Kc3 69.Kc1 Kb4 70.Kb2 Kb5 71.c3
dxc3+ 72.Kxc3 Kc6 73.d4 cxd4+ 74.Kxd4 Bg8 75.Nxf5 Bxb3 76.Nxh6 Kd6 77.Nxg4 Ke6
78.h6 Kf7 79.Ke5 1-0

[Event "Individual Zaragoza Primera 2015"]
[Site ""]
[Date "2015.11.22"]
[Round "8.2"]
[White "Garcia Estruch Jorge"]
[Black "Miranda Garcia Eduardo"]
[Result "1/2-1/2"]
[WhiteElo "1847"]
[BlackElo "1765"]

1.e4 e5 2.Nf3 Nc6 3.d4 exd4 4.c3 Nf6 5.e5 Ne4 6.Bc4 d5 7.exd6 Nxd6 8.Be2 dxc3
9.Nxc3 Be7 10.O-O O-O 11.Bf4 Be6 12.Nd4 Nxd4 13.Qxd4 Bf6 14.Qd2 Nc4 15.Qc2 Qd4
16.Bxc7 Nxb2 17.Qxb2 Qxc3 18.Qxc3 Bxc3 19.Rac1 Bf6 20.a4 Bd5 21.Rfd1 Bc6 22.a5
g6 23.a6 Rac8 24.Bf4 b6 25.Rd6 Rfe8 26.Bg4 Bd7 27.Rxc8 Bxc8 28.h3 Be7 29.Rc6
Bxa6 30.Rc7 Bc5 31.Rxa7 Bc4 32.Bg3 b5 33.Rc7 Bb6 34.Rb7 Bd4 35.Bd7 Re1+ 36.Kh2
Re7 37.Rb8+ Kg7 38.Bxb5 Bxb5 39.Rxb5 1/2-1/2

[Event "Individual Zaragoza Primera 2015"]
[Site ""]
[Date "2015.11.22"]
[Round "8.3"]
[White "Santos Morales Julio César"]
[Black "Monge Arrufat José Miguel"]
[Result "1-0"]
[WhiteElo "1837"]
[BlackElo "1661"]

1.d4 g6 2.e4 Bg7 3.Nc3 d6 4.Nf3 Nd7 5.Bc4 e5 6.dxe5 dxe5 7.Bxf7+ Kxf7 8.Ng5+
Ke8 9.Ne6 Qe7 10.Nxc7+ Kd8 11.N3d5 Qf7 12.Nxa8 Ngf6 13.Nac7 Nxe4 14.f3 Nef6
15.Nxf6 Kxc7 16.Ne4 Qe6 17.Be3 Rd8 18.Qe2 Nb6 19.c4 Kb8 20.b3 h5 21.O-O Bd7
22.Rfd1 Rh8 23.Qf2 h4 24.Rd6 Qe8 25.Bxb6 axb6 26.Rad1 Bc8 27.Qxb6 h3 28.Nc5
Qf7 29.Nd7+ 1-0

[Event "Individual Zaragoza Primera 2015"]
[Site ""]
[Date "2015.11.22"]
[Round "8.4"]
[White "Carrasquer Muñoz Alberto"]
[Black "Landa Garriga Francisco Javier"]
[Result "1/2-1/2"]
[WhiteElo "1799"]
[BlackElo "1838"]

1.e4 e5 2.Bc4 Nf6 3.Nf3 Nc6 4.Ng5 d5 5.exd5 Nd4 6.d6 Qxd6 7.Bxf7+ Ke7 8.Bb3 h6
9.Nf7 Qc6 10.O-O Nxb3 11.Nxh8 Nxa1 12.Nc3 Bf5 13.d3 g6 14.Re1 Bg7 15.Rxe5+ Kf8
16.Rxf5 gxf5 17.Ng6+ Ke8 18.Qe2+ Ne4 19.dxe4 fxe4 20.Qh5 Kd7 21.Qg4+ Qe6 22.
Qd1+ Qd6 23.Qg4+ 1/2-1/2

[Event "Individual Zaragoza Primera 2015"]
[Site ""]
[Date "2015.11.22"]
[Round "8.5"]
[White "Iglesias Fernandez Luis"]
[Black "Aviol Pérez José Mariano"]
[Result "1-0"]
[WhiteElo "1764"]
[BlackElo "1820"]

1.e4 d6 2.d4 Nf6 3.Nc3 g6 4.Bg5 Bg7 5.Qe2 c6 6.O-O-O O-O 7.f4 h6 8.Bxf6 Bxf6
9.f5 gxf5 10.Qh5 Kh7 11.exf5 Bg5+ 12.Kb1 Bxf5 13.Nf3 e6 14.h4 Bf6 15.Bd3 Bg6
16.Ng5+ Kg8 17.Bxg6 Bxg5 18.hxg5 Qxg5 19.Bh7+ Kg7 20.Qxg5+ hxg5 21.Ne4 Rh8 22.
Nxg5 Nd7 23.Bd3 Nf6 24.Ne4 Nxe4 25.Bxe4 f5 26.Bf3 Rad8 27.g3 Kf6 28.Rxh8 Rxh8
29.Rh1 Rg8 30.Rh6+ Ke7 31.Rh3 f4 32.g4 e5 33.dxe5 dxe5 34.Rh7+ Kd6 35.Rxb7 e4
36.Bxe4 Rxg4 37.b3 Rg1+ 38.Kb2 Re1 39.Bd3 a5 40.Rf7 Ke5 41.Re7+ 1-0

[Event "Individual Zaragoza Primera 2015"]
[Site ""]
[Date "2015.11.22"]
[Round "8.6"]
[White "Obon Zuñiga Francisco"]
[Black "Lorente Aguar Ruben"]
[Result "1-0"]
[WhiteElo "1807"]
[BlackElo "1668"]

1.d4 d5 2.c4 e6 3.Nc3 Nf6 4.Bg5 Be7 5.Nf3 O-O 6.Qc2 b6 7.cxd5 exd5 8.e3 Bb7 9.
Bd3 Nbd7 10.Rc1 a6 11.O-O Ne4 12.Bf4 f5 13.Ne5 g5 14.Nxd7 Qxd7 15.Be5 Rf7 16.
Qe2 f4 17.Nxe4 dxe4 18.Bc4 Bd5 19.exf4 Bxc4 20.Rxc4 Qf5 21.g4 Qe6 22.f5 Qd5
23.Rxc7 b5 24.Rfc1 Re8 25.b3 h5 26.R7c6 Kh7 27.Rxa6 Bd8 28.Rcc6 Kg8 29.Rg6+
Kf8 30.Rad6 Qb7 31.gxh5 Rxf5 32.h6 Rf7 33.Bg7+ Ke7 34.Rge6# 1-0

[Event "Individual Zaragoza Primera 2015"]
[Site ""]
[Date "2015.11.22"]
[Round "8.7"]
[White "Carrasquer Alonso Luis"]
[Black "Nedov Octavian"]
[Result "1-0"]
[WhiteElo "1647"]
[BlackElo "1814"]

1.e4 c6 2.d4 d5 3.Nc3 dxe4 4.Nxe4 Bf5 5.Ng3 Bg6 6.Nf3 Nf6 7.Ne5 Nfd7 8.Nxg6
hxg6 9.Bc4 e6 10.Ne4 Be7 11.O-O Qc7 12.Ng3 Nf6 13.Qf3 Nbd7 14.Bf4 Qb6 15.c3
O-O 16.Bb3 c5 17.Be3 Rfd8 18.Rad1 Rac8 19.dxc5 Nxc5 20.Rxd8+ Rxd8 21.Rd1 Rxd1+
22.Qxd1 a5 23.Qd4 Qc6 24.f3 Nxb3 25.axb3 Nd5 26.Bf2 b6 27.c4 Bc5 28.cxd5 exd5
29.Qc3 Qd6 30.Bxc5 bxc5 31.Qxa5 Qe7 32.Qd2 Qe5 33.Kf2 f5 34.b4 cxb4 35.Qxb4 f4
36.Ne2 Qe3+ 37.Ke1 g5 38.Qd4 Qb3 39.Qc3 Qa2 40.Qc1 Qa5+ 41.Kf1 Qa6 42.b4 d4
43.Ke1 d3 44.Nc3 Qe6+ 45.Ne4 Qb3 46.Qc8+ Kh7 47.Qf5+ Kh8 48.Qf8+ Kh7 49.Nxg5+
Kh6 50.Qxf4 Qb1+ 51.Kf2 Qc2+ 52.Kg3 Kg6 53.Ne4 Qe2 54.Qd2 Qf1 55.b5 Qb1 56.b6
Qxb6 57.Qxd3 Kf7 58.Qd5+ 1-0

[Event "Individual Zaragoza Primera 2015"]
[Site ""]
[Date "2015.11.22"]
[Round "8.8"]
[White "Moreno Martin-Viveros Alvaro"]
[Black "Garcia Garcia Enrique"]
[Result "1/2-1/2"]
[WhiteElo "1806"]
[BlackElo "1750"]

1.e4 c5 2.Nf3 d6 3.d4 Nf6 4.Nc3 cxd4 5.Nxd4 a6 6.Be3 e5 7.Nf3 Be7 8.Bc4 O-O 9.
O-O h6 10.Qe2 Nc6 11.Rfd1 b5 12.Bd5 Nxd5 13.Nxd5 Be6 14.c3 f5 15.exf5 Rxf5 16.
Qd3 Bf8 17.Bb6 Qd7 18.Qe4 Rc8 19.Be3 Qf7 20.Nb6 Rc7 21.Nd5 Rc8 22.Nb6 Rc7 23.
Nd5 Bxd5 24.Rxd5 g5 25.Rd2 Be7 26.Qd5 Rc8 27.Qxf7+ Kxf7 28.Ne1 Na5 29.Rd3 Ke6
30.Bb6 Nc4 31.Ba7 e4 32.Rd4 d5 33.b3 Bf6 34.bxc4 Bxd4 35.Bxd4 Rxc4 36.Nc2 Rf7
37.Ne3 Rc6 38.Rb1 h5 39.h3 Rf4 40.g3 Rf3 41.Kg2 Rc8 42.Nc2 h4 43.g4 Rd3 44.Nb4
Rd2 45.Nxa6 Rxa2 46.Nc5+ Kd6 47.Rxb5 Kc6 48.Rb3 Rf8 49.Ne6 Re8 50.Rb6+ Kd7 51.
Nc5+ Kc7 52.Re6 Rf8 53.Ra6 Rxa6 54.Nxa6+ Kc6 55.Nb4+ Kd6 56.Nc2 Ke6 57.Ne3 Rf7
58.Nf5 Rb7 59.Ng7+ Kf7 60.Nf5 Ke6 61.Ne3 Rf7 62.Nc2 Rc7 63.Ne3 Rf7 64.c4 dxc4
65.Nxc4 Kd5 66.Ne5 Re7 67.Bc3 Rxe5 68.Bxe5 Kxe5 69.Kf1 Kf4 70.Ke2 Ke5 71.Ke3
1/2-1/2

[Event "Individual Zaragoza Primera 2015"]
[Site ""]
[Date "2015.11.22"]
[Round "8.9"]
[White "Ruiz Gutierrez José Manuel"]
[Black "Pintanel Torres Manuel"]
[Result "1-0"]
[WhiteElo "1795"]
[BlackElo "1551"]

1.c4 e5 2.Nc3 Nf6 3.g3 Bc5 4.Bg2 c6 5.d3 O-O 6.Nf3 d6 7.O-O h6 8.Rb1 Be6 9.b4
Bb6 10.Qc2 Nbd7 11.b5 Rc8 12.bxc6 bxc6 13.Ba3 Nc5 14.Na4 Nxa4 15.Qxa4 Re8 16.
Nd2 Qc7 17.c5 dxc5 18.Rbc1 Nd7 19.Ne4 Bd5 20.Nxc5 Nxc5 21.Bxc5 Bxg2 22.Kxg2
Re6 23.Rc4 Bxc5 24.Rxc5 Rb8 25.Qc2 Qd6 26.Rc1 Rb6 27.a4 Qd4 28.Rc4 Qb2 29.a5
Qxc2 30.R1xc2 Rb5 31.Rc5 a6 32.Kf3 f6 33.Ke4 Rd6 34.Rxb5 cxb5 35.Rc8+ Kh7 36.
Rb8 Rd4+ 37.Kf5 Ra4 38.h4 Ra2 39.Rb6 Rxa5 40.e3 Ra2 41.f4 exf4 42.gxf4 Ra3 43.
Ke4 f5+ 44.Kxf5 Rxd3 45.e4 Rh3 46.e5 Rxh4 47.e6 Rh5+ 48.Ke4 Rc5 49.Rb8 Rc7 50.
Ke5 Rc2 51.e7 Re2+ 52.Kd6 Rxe7 53.Kxe7 h5 54.Rb6 h4 55.Rxa6 g6 56.Rb6 Kh6 57.
Rxb5 h3 58.Kf6 g5 59.fxg5+ Kh5 60.Rb8 Kg4 61.g6 1-0

[Event "Individual Zaragoza Primera 2015"]
[Site ""]
[Date "2015.11.22"]
[Round "8.10"]
[White "Arrieta Otero Germán"]
[Black "Garcia Mendez Beatriz"]
[Result "1/2-1/2"]
[WhiteElo "1641"]
[BlackElo "1766"]

1.e4 c6 2.d4 d5 3.Nc3 dxe4 4.Nxe4 Nf6 5.Nxf6+ gxf6 6.Bc4 Bf5 7.Nf3 e6 8.Be3
Qc7 9.Nh4 Bg6 10.Qf3 Nd7 11.O-O-O O-O-O 12.h3 Bg7 13.Rhe1 Nb6 14.Bb3 a5 15.
Nxg6 hxg6 16.c3 a4 17.Bc2 Rh5 18.Qf4 Qe7 19.d5 Nxd5 20.Qxa4 Qc7 21.Kb1 1/2-1/2

[Event "Individual Zaragoza Primera 2015"]
[Site ""]
[Date "2015.11.22"]
[Round "8.11"]
[White "Teresa Moya Alejandro"]
[Black "Martin Pastor Iván"]
[Result "0-1"]
[WhiteElo "1751"]
[BlackElo "1743"]

1.Nc3 b6 2.e4 Bb7 3.f4 e6 4.Nf3 Bb4 5.d3 Ne7 6.Be2 d5 7.Nd2 d4 8.Ncb1 Nf5 9.c3
Qh4+ 10.g3 Nxg3 11.Nf3 Qh3 12.Rg1 Nxe2 13.Qxe2 dxc3 14.bxc3 Bf8 15.Rg3 Qh6 16.
Na3 Qf6 17.e5 Qe7 18.Nc4 Qd7 19.a4 a5 20.Nd4 g6 21.Be3 Na6 22.Nb3 Be7 23.d4
Bh4 24.Nbd2 Bxg3+ 25.hxg3 Qc6 26.Nb3 O-O-O 0-1

[Event "Individual Zaragoza Primera 2015"]
[Site ""]
[Date "2015.11.22"]
[Round "8.12"]
[White "Miranda Blasco Fernando"]
[Black "Navarro Sancho Rafael"]
[Result "0-1"]
[WhiteElo "1644"]
[BlackElo "1732"]

1.e4 g6 2.d4 Bg7 3.Nf3 d6 4.Nc3 Nf6 5.Be3 c6 6.Bd3 O-O 7.h3 b5 8.a3 Na6 9.b4
Qc7 10.Qd2 Be6 11.O-O Rac8 12.Ng5 Bd7 13.f4 Nh5 14.a4 Nxb4 15.Nxb5 cxb5 16.
Qxb4 bxa4 17.Bb5 Rb8 18.Qc4 Qxc4 19.Bxc4 Rb4 20.Bd3 Rfb8 21.c3 Rb3 22.Bd2
Bxd4+ 23.cxd4 Rxd3 24.Be1 Rxd4 25.g4 Ng7 26.e5 h6 27.Nf3 Rd3 28.Bh4 Rbb3 0-1

[Event "Individual Zaragoza Primera 2015"]
[Site ""]
[Date "2015.11.22"]
[Round "8.13"]
[White "Merin Flores Miguel Angel"]
[Black "Redolar Cortés Angel"]
[Result "1-0"]
[WhiteElo "1732"]
[BlackElo "1567"]

1.d4 Nf6 2.Nf3 d5 3.Bf4 e6 4.e3 Bd6 5.Bg5 Be7 6.Bd3 Nbd7 7.O-O O-O 8.Re1 b6 9.
Nbd2 Bb7 10.Nf1 c5 11.Ng3 cxd4 12.exd4 Bd6 13.Nh5 h6 14.Bxf6 Nxf6 15.Nxf6+
Qxf6 16.c3 Rac8 17.Qa4 a5 18.Rad1 Qe7 19.Rd2 Bc6 20.Qd1 Rfe8 21.Rde2 Qc7 22.
Ne5 Re7 23.g3 Bxe5 24.Rxe5 Rce8 25.Qh5 f6 26.R5e3 f5 27.Re5 Qd6 28.Qg6 Bd7 29.
Bxf5 1-0

[Event "Individual Zaragoza Primera 2015"]
[Site ""]
[Date "2015.11.22"]
[Round "8.14"]
[White "Fernández Sierra Pedro José"]
[Black "Gastón Cabello Jorge"]
[Result "1-0"]
[WhiteElo "1653"]
[BlackElo "1731"]

1.e4 c5 2.Nf3 d6 3.d4 cxd4 4.Nxd4 Nf6 5.Nc3 a6 6.f3 e5 7.Nb3 Be6 8.Be3 d5 9.
exd5 Nxd5 10.Nxd5 Qxd5 11.Qxd5 Bxd5 12.O-O-O Bxb3 13.cxb3 Nc6 14.Bc4 Be7 15.
Bb6 Bf6 16.Rhe1 Bd8 17.Bxd8 Rxd8 18.Rxd8+ Nxd8 19.Rxe5+ Kd7 20.Re3 Re8 21.Rd3+
Kc7 22.Kd2 Re7 23.Rc3 Kb6 24.Re3 Rd7+ 25.Rd3 Kc7 26.Rxd7+ Kxd7 27.Ke3 Kd6 28.
Ke4 g6 29.g4 Ne6 30.Bxe6 Kxe6 31.g5 f5+ 32.Kd4 b6 33.b4 Kd6 34.f4 a5 35.bxa5
bxa5 36.b3 Kc6 37.a3 Kd6 38.b4 axb4 39.axb4 Kc6 40.Ke5 Kb5 41.Kf6 Kc4 42.Kg7
h6 43.Kxg6 hxg5 44.Kxg5 1-0

[Event "Individual Zaragoza Primera 2015"]
[Site ""]
[Date "2015.11.22"]
[Round "8.15"]
[White "Arteaga Jimenez Francisco"]
[Black "Balabán Adrián"]
[Result "1/2-1/2"]
[WhiteElo "1622"]
[BlackElo "1690"]

1.c4 e5 2.d3 Nf6 3.Nc3 Be7 4.g3 O-O 5.Bg2 c6 6.e4 d6 7.Nge2 Bg4 8.f3 Be6 9.O-O
Nbd7 10.Be3 d5 11.exd5 cxd5 12.cxd5 Nxd5 13.Nxd5 Bxd5 14.Nc3 Bc6 15.d4 exd4
16.Bxd4 Bc5 17.Bxc5 Nxc5 18.b4 Qb6 19.Qd4 Na4 20.Qxb6 axb6 21.Rfc1 Nxc3 22.
Rxc3 Ra4 23.a3 Rfa8 24.Rb3 b5 25.f4 Kf8 26.Kf2 Rd8 27.Ra2 Raa8 28.Re2 Re8 29.
Rbe3 Rxe3 30.Rxe3 Rd8 31.Bxc6 bxc6 32.Ke2 Rd6 33.h4 h5 34.Re5 Re6 35.Rxe6 fxe6
36.Ke3 Ke7 37.Ke4 Kd6 38.Kd4 g6 39.Ke4 c5 40.bxc5+ Kxc5 41.Kd3 Kd5 42.Kc3 Kc5
1/2-1/2

[Event "Individual Zaragoza Primera 2015"]
[Site ""]
[Date "2015.11.22"]
[Round "8.16"]
[White "Carreras Villagrasa Pablo"]
[Black "Budria Gimenez Daniel"]
[Result "1-0"]
[WhiteElo "1548"]
[BlackElo "1681"]

1.b3 Nf6 2.Bb2 d5 3.e3 c5 4.f4 Bf5 5.Nf3 Nc6 6.Bb5 Qb6 7.Bxc6+ Qxc6 8.O-O e6
9.d3 Be7 10.Nbd2 O-O 11.Ne5 Qc7 12.Qe2 Rad8 13.e4 dxe4 14.dxe4 Bg6 15.f5 Rxd2
16.Qxd2 Nxe4 17.Qd7 Qxd7 18.Nxd7 Rd8 19.fxg6 Rxd7 20.gxf7+ Kf8 21.Rad1 Rxd1
22.Rxd1 Bd6 23.Re1 Ng5 24.Be5 Be7 25.Rd1 Nxf7 26.Bb8 a6 27.Rd7 b5 28.Ra7 c4
29.Rxa6 cxb3 30.cxb3 e5 31.Re6 Bc5+ 32.Kf1 Bd4 33.Bd6+ Nxd6 34.Rxd6 b4 35.Ke2
Ke7 36.Rxd4 exd4 37.Kd3 Kd6 38.Kxd4 1-0

[Event "Individual Zaragoza Primera 2015"]
[Site ""]
[Date "2015.11.22"]
[Round "8.17"]
[White "Rubio Tello Abel"]
[Black "Gimeno Royo José Andrés"]
[Result "1/2-1/2"]
[WhiteElo "1864"]
[BlackElo "1694"]

1.f4 f5 2.Nf3 Nf6 3.b3 g6 4.Bb2 Bg7 5.e3 O-O 6.Bc4+ d5 7.Bd3 c5 8.Nc3 Nc6 9.
Ne2 Nb4 10.Ng3 Nxd3+ 11.cxd3 b6 12.Qe2 Ba6 13.Ne5 Qd6 14.Qf3 Ng4 15.d4 Nxe5
16.dxe5 Qd7 17.h4 h5 18.Ne2 e6 19.Kf2 Bb7 20.Qg3 Kh7 21.Rac1 Qb5 22.d4 Rfc8
23.Qg5 Ba6 24.Rhe1 Qd7 25.Rc3 c4 1/2-1/2

[Event "Individual Zaragoza Primera 2015"]
[Site ""]
[Date "2015.11.22"]
[Round "8.18"]
[White "Argueso Palomino Manuel"]
[Black "Abad Viñas Jesús Manuel"]
[Result "0-1"]
[WhiteElo "1709"]
[BlackElo "1810"]

1.d4 Nf6 2.Nf3 g6 3.c4 Bg7 4.Nc3 O-O 5.e4 d6 6.Be2 Bg4 7.O-O Bxf3 8.Bxf3 Nc6
9.Re1 e5 10.d5 Nd4 11.Be3 Nxf3+ 12.Qxf3 Nh5 13.g4 Nf4 14.Bxf4 exf4 15.Rab1 Be5
16.Qh3 Qf6 17.Nd1 Rae8 18.b4 Qg5 19.f3 f5 20.Kh1 fxg4 21.Qxg4 Qxg4 22.fxg4 g5
23.Rb3 a6 24.Nf2 Bd4 25.Kg2 f3+ 26.Kg1 Rf4 27.Kf1 Bxf2 28.Kxf2 Rexe4 29.Rxe4
Rxe4 30.c5 Rxg4 31.c6 bxc6 32.dxc6 Rg2+ 33.Kxf3 Rxh2 34.Ke4 h6 35.Rd3 Rh4+ 36.
Kf5 Kf7 37.Rf3 Rxb4 38.a3 Rf4+ 39.Rxf4 gxf4 40.Kxf4 Ke6 0-1

[Event "Individual Zaragoza Primera 2015"]
[Site ""]
[Date "2015.11.22"]
[Round "8.19"]
[White "Rodrigo Bordetas David"]
[Black "Vallejo Blasco Arturo"]
[Result "0-1"]
[WhiteElo "1754"]
[BlackElo "1662"]

1.e4 d6 2.Nf3 g6 3.d4 Bg7 4.Nc3 a6 5.Bc4 b5 6.Bb3 Nf6 7.Bg5 Bb7 8.Bxf6 Bxf6 9.
Qd2 Bg7 10.Ng5 O-O 11.Qf4 e6 12.Nf3 c5 13.dxc5 dxc5 14.Rd1 Qa5 15.a3 c4 16.Ba2
Bxc3+ 17.bxc3 Qxc3+ 18.Nd2 Qxa3 19.Qc7 Bc6 20.Bb1 Qc3 21.O-O a5 22.Rfe1 a4 23.
Re3 Qb2 24.Nf1 Qb4 25.Rh3 c3 26.Qf4 Qxe4 27.Qh6 Qxg2# 0-1

[Event "Individual Zaragoza Primera 2015"]
[Site ""]
[Date "2015.11.22"]
[Round "8.20"]
[White "Salas Calvo Alberto"]
[Black "Manguez Tomás Andrés"]
[Result "1/2-1/2"]
[WhiteElo "1670"]
[BlackElo "1744"]

1.d4 f5 2.Bg5 g6 3.Nc3 Bg7 4.h4 Nf6 5.h5 Nxh5 6.Rxh5 gxh5 7.e4 d6 8.Qxh5+ Kd7
9.O-O-O Qe8 10.Qf3 fxe4 11.Nxe4 Rf8 12.Nc5+ Kd8 13.Nxb7+ Bxb7 14.Qxb7 Qc6 15.
Ba6 Qxa6 16.Qxa8 Kd7 17.Qe4 Rxf2 18.Qxe7+ Kc8 19.Qe6+ Kb7 20.Qd5+ c6 21.Qb3+
Kc7 22.Qg3 Rf7 23.a3 Qc4 24.Qb3 1/2-1/2

[Event "Individual Zaragoza Primera 2015"]
[Site ""]
[Date "2015.11.22"]
[Round "8.21"]
[White "Vallejo Blasco Marta"]
[Black "Pellicer Sancho Rafael José"]
[Result "1/2-1/2"]
[WhiteElo "1471"]
[BlackElo "1739"]

1.b3 e5 2.Bb2 Nc6 3.e3 Nf6 4.Bb5 d6 5.Ne2 a6 6.Bxc6+ bxc6 7.O-O g6 8.f4 exf4
9.Rxf4 Bg7 10.Qf1 Nh5 11.Bxg7 Nxg7 12.Nbc3 O-O 13.Ng3 Be6 14.Nce4 f5 15.Nc3 c5
16.e4 fxe4 17.Rxf8+ Qxf8 18.Ncxe4 Nf5 19.Nxf5 Qxf5 20.Qe2 Qe5 21.Nc3 Qd4+ 22.
Qe3 Qxe3+ 23.dxe3 Re8 24.Kf2 c6 25.Rd1 Rf8+ 26.Ke1 d5 27.Na4 Bg4 28.Rd2 Re8
29.Kf2 d4 30.exd4 cxd4 31.Rxd4 Bf5 32.Rc4 Rd8 33.Rxc6 Rd2+ 34.Kg3 Rxc2 35.Rxc2
Bxc2 36.Nc3 a5 37.Kf4 h6 38.Ke5 Kf7 39.Nd5 Bb1 40.a3 Bc2 41.b4 axb4 42.axb4
Ba4 43.Nc3 Bc6 44.g3 g5 45.b5 Bb7 46.b6 Kg6 47.Ne4 Kh5 48.Nd6 Ba6 49.b7 Bxb7
50.Nxb7 Kg4 51.Nd6 h5 52.Ne4 h4 1/2-1/2

[Event "Individual Zaragoza Primera 2015"]
[Site ""]
[Date "2015.11.22"]
[Round "8.22"]
[White "Galvez Longas Isaac"]
[Black "Garcia Artal Obdulio"]
[Result "1/2-1/2"]
[WhiteElo "1718"]
[BlackElo "1643"]

1.c4 Nf6 2.d4 g6 3.Nc3 Bg7 4.e4 d6 5.f3 O-O 6.Bd3 Nbd7 7.Nge2 c6 8.Be3 e5 9.d5
c5 10.Qd2 Re8 11.O-O a6 12.Bh6 Nh5 13.Bxg7 Nxg7 14.f4 exf4 15.Nxf4 Ne5 16.b3
Nxd3 17.Qxd3 f5 18.Qf3 Qf6 19.exf5 Bxf5 20.Ne6 Nxe6 21.dxe6 Qd4+ 22.Kh1 Qg7
23.Nd5 Rxe6 24.Nf4 Re5 25.Rad1 Qd7 26.Nd3 Bxd3 27.Qxd3 Rd8 28.h3 d5 29.Qg3 Rf5
30.Rxf5 Qxf5 31.Qc7 Qd7 32.Qe5 Qd6 33.Qxd6 Rxd6 34.cxd5 Kf7 35.Rf1+ Ke7 36.Rd1
b6 37.Kg1 Kf6 38.Kf2 Ke5 39.Ke3 Rxd5 40.Rf1 b5 41.Rf7 h5 42.Ra7 Rd6 43.Ra8 c4
44.Re8+ Kd5 45.Kd2 cxb3 46.axb3 Kc5+ 47.Kc3 Rc6 48.Rd8 Rf6 49.Rc8+ Kb6 50.Rg8
Rc6+ 51.Kb4 a5+ 52.Ka3 Kc5 53.Rd8 Rd6 54.Rc8+ Kd4 55.Rb8 Rd5 56.Ra8 b4+ 57.Ka4
Kc3 58.g4 hxg4 59.hxg4 Rg5 60.Rc8+ Kb2 61.Rc2+ 1/2-1/2